|
|
|
|
| LEADER |
01852nam a2200445 i 4500 |
| 001 |
EBC1753495 |
| 003 |
MiAaPQ |
| 005 |
20200520144314.0 |
| 006 |
m o d | |
| 007 |
cr cnu|||||||| |
| 008 |
140819t20142014enk ob 000 0 eng d |
| 020 |
|
|
|z 9781443860246
|
| 020 |
|
|
|a 9781443864992
|q (electronic bk.)
|
| 035 |
|
|
|a (MiAaPQ)EBC1753495
|
| 035 |
|
|
|a (Au-PeEL)EBL1753495
|
| 035 |
|
|
|a (CaPaEBR)ebr10905931
|
| 035 |
|
|
|a (CaONFJC)MIL636408
|
| 035 |
|
|
|a (OCoLC)885123161
|
| 040 |
|
|
|a MiAaPQ
|b eng
|e rda
|e pn
|c MiAaPQ
|d MiAaPQ
|
| 043 |
|
|
|a a-ko---
|
| 050 |
|
4 |
|a HC467.96
|b .K674 2014
|
| 082 |
0 |
|
|a 330.95195
|2 23
|
| 245 |
0 |
4 |
|a The Koreas between China and Japan /
|c edited by Victor Teo and Lee Guen ; contributors Hiroyasu Akutsu [and ten others].
|
| 264 |
|
1 |
|a Newcastle upon Tyne, England :
|b Cambridge Scholars Publishing,
|c 2014.
|
| 264 |
|
4 |
|c 2014
|
| 300 |
|
|
|a 1 online resource (227 pages)
|
| 336 |
|
|
|a text
|2 rdacontent
|
| 337 |
|
|
|a computer
|2 rdamedia
|
| 338 |
|
|
|a online resource
|2 rdacarrier
|
| 504 |
|
|
|a Includes bibliographical references.
|
| 588 |
|
|
|a Description based on online resource; title from PDF title page (ebrary, viewed August 19, 2014).
|
| 590 |
|
|
|a Electronic reproduction. Ann Arbor, MI : ProQuest, 2015. Available via World Wide Web. Access may be limited to ProQuest affiliated libraries.
|
| 651 |
|
0 |
|a Korea (South)
|x Economic conditions
|y 1988-
|
| 655 |
|
4 |
|a Electronic books.
|
| 700 |
1 |
|
|a Teo, Victor,
|e editor.
|
| 700 |
1 |
|
|a Guen, Lee,
|e editor.
|
| 700 |
1 |
|
|a Akutsu, Hiroyasu,
|e contributor.
|
| 776 |
0 |
8 |
|i Print version:
|t Koreas between China and Japan.
|d Newcastle upon Tyne, England : Cambridge Scholars Publishing, c2014
|h vi, 219 pages
|z 9781443860246
|
| 797 |
2 |
|
|a ProQuest (Firm)
|
| 856 |
4 |
0 |
|u https://ebookcentral.proquest.com/lib/matrademy/detail.action?docID=1753495
|z Click to View
|